Ethics, Integrity & Aptitude/ (Record no. 213480)

MARC details
000 -LEADER
fixed length control field 00753nam a22002297a 4500
005 - DATE AND TIME OF LATEST TRANSACTION
control field 20260318122044.0
010 ## - LCCN (DPL NO)
LC control number ENG-146873 ENG-147919
020 ## - INTERNATIONAL STANDARD BOOK NUMBER
International Standard Book Number 9789364688932
Terms of availability 675.00
035 ## - SYSTEM CONTROL NUMBER
System control number EN-130405
035 ## - SYSTEM CONTROL NUMBER
System control number EN-131451
037 ## - SOURCE OF ACQUISITION
Source of stock number/acquisition DBAD
082 ## - DEWEY DECIMAL CLASSIFICATION NUMBER
Edition number 1
Classification number 000
100 ## - MAIN ENTRY--PERSONAL NAME
Personal name Shivhare, Nitin
245 ## - TITLE STATEMENT
Title Ethics, Integrity & Aptitude/
Statement of responsibility, etc Nitin Shivhare [and] Athar Aamir
250 ## - EDITION STATEMENT
Edition statement 1
260 ## - PUBLICATION, DISTRIBUTION, ETC. (IMPRINT)
Place of publication, distribution, etc Uttar Pradesh
Name of publisher, distributor, etc S. Chand Publishing
Date of publication, distribution, etc 2025
270 ## - ADDRESS
Address D-92, Sector-2, Noida
City Uttar Pradesh
Postal code 201301
Telephone number 61-120-4682700
300 ## - PHYSICAL DESCRIPTION
Extent 509p.
Dimensions 27cm(pb)
500 ## - GENERAL NOTE
General note Useful for UPSC and State PSC Examinations | Very Important for 2025-26
700 ## - ADDED ENTRY--PERSONAL NAME
Personal name Athar, Aamir
Relator term Author
9 (RLIN) 85232
942 ## - ADDED ENTRY ELEMENTS (KOHA)
Source of classification or shelving scheme Dewey Decimal Classification
Item type English Books
Call number suffix SHI
Classification part 000
Holdings
Withdrawn status Lost status Not for loan Collection code Home library Current library Date acquired Source of acquisition Cost, normal purchase price Full call number Barcode Copy number Cost, replacement price Koha item type
      Non-fiction Central Library Central Library 26/09/2025 Delivery of Books Act Division 675.00 SHI 000 EN-130405 1 675.00 English Books
      Non-fiction D.B.Act.Division D.B.Act.Division 18/03/2026 Delivery of Books Act Division 675.00 SHI 000 EN-131451 1 675.00 English Books

© Delhi Public Library
Hit Counter
free hit counter